Practical applications of asymptotic techniques in electomagnetics (Record no. 73643)

MARC details
000 -LEADER
fixed length control field 00722 2200193 4500
005 - DATE AND TIME OF LATEST TRANSACTION
control field 20120314123149.0
008 - FIXED-LENGTH DATA ELEMENTS--GENERAL INFORMATION
fixed length control field 120314t xxu||||| |||| 00| 0 eng d
080 ## - UNIVERSAL DECIMAL CLASSIFICATION NUMBER
Universal Decimal Classification number 537.8
Item number ADA
100 ## - MAIN ENTRY--PERSONAL NAME
Personal name Adana, Francisco Saez de...[et al]
245 ## - TITLE STATEMENT
Title Practical applications of asymptotic techniques in electomagnetics
Statement of responsibility, etc Francisco Saez de Adana...[et.al]
300 ## - PHYSICAL DESCRIPTION
Extent xi, 215p.
Other physical details Includes CD-ROM
653 ## - INDEX TERM--UNCONTROLLED
Uncontrolled term Electromagnetism
653 ## - INDEX TERM--UNCONTROLLED
Uncontrolled term Geometrical optics
653 ## - INDEX TERM--UNCONTROLLED
Uncontrolled term Physical optics
942 ## - ADDED ENTRY ELEMENTS (KOHA)
item type Books
260 ## - PUBLICATION, DISTRIBUTION, ETC. (IMPRINT)
Place of publication, distribution, etc Boston
Name of publisher, distributor, etc Artech house
Date of publication, distribution, etc 2011
020 ## - INTERNATIONAL STANDARD BOOK NUMBER
International Standard Book Number 9781608070633
260 ## - PUBLICATION, DISTRIBUTION, ETC. (IMPRINT)
-- 19614
Holdings
Lost status Source of classification or shelving scheme Not for loan Home library Current library Shelving location Date acquired Cost, normal purchase price Total Checkouts Full call number Barcode Date last seen Cost, replacement price Price effective from Koha item type
  Universal Decimal Classification   University Library University Library General Stacks 25/11/2011 0.00   537.8 ADA 00066313 25/11/2011 0.00 25/11/2011 Books
University Library, CUSAT